000 00389pab a2200157 454500
008 180718b1998 xxu||||| |||| 00| 0 eng d
100 _aMohan Rao, K.
245 _aTowards understanding culture of tribal communities in India
260 _c1998
300 _ap.103-18
362 _aMar-Jun
650 _aTribes - India
650 _aTribes
773 _aMan in India
909 _a38155
999 _c38155
_d38155